[Event "St Petersburg Korchnoi Memorial op"]
[Site "St Petersburg"]
[Date "2024.08.20"]
[Round "6"]
[White "Bogdan, David"]
[Black "Gavrikov, Andrei"]
[Result "1-0"]
[WhiteElo "1803"]
[BlackElo "1624"]
[PlyCount "104"]
[EventDate "2024.08.17"]
[EventType "swiss"]
[EventRounds "9"]
[EventCountry "RUS"]
[SourceTitle "EXT 2025"]
[Source "ChessBase"]
[SourceDate "2024.10.14"]
[SourceVersion "1"]
[SourceVersionDate "2024.10.14"]
[SourceQuality "1"]

1. e4 e5 2. Nf3 Nc6 3. Bc4 Bc5 4. c3 Nf6 5. d3 d6 6. Bb3 Bb6 7. Nbd2 a6 8. h3 h6 9. Qe2 Ba7 10. Nf1 Ne7 11. Be3 c5 12. Ng3 Ng6 13. 0-0 0-0 14. Rfe1 Re8 15. Rad1 Bd7 16. Qd2 Be6 17. Qc1 b5 18. Nh2 c4 19. dxc4 Bxe3 20. Qxe3 bxc4 21. Ba4 Rf8 22. Nf3 Qb8 23. b3 Nf4 24. bxc4 Bxc4 25. Bc6 Ra7 26. Nf5 Rd8 27. Rd2 Rc7 28. Ba4 Rb7 29. Red1 Rb2 30. Ne7+ Kf8 31. Nc6 Rxd2 32. Nxd2 Ne2+ 33. Kh1 Ng4 34. hxg4 Qc8 35. Nxc4 Qxg4 36. Qh3 Qf4 37. Rf1 Re8 38. Bd1 Qxe4 39. Nxd6 Qxc6 40. Nxe8 Nf4 41. Qh2 Kxe8 42. Qg3 g5 43. Bf3 Qxc3 44. Rd1 Qc2 45. Rf1 Kf8 46. Bd1 Qxa2 47. Qc3 Qd5 48. Bf3 e4 49. Qb4+ Kg7 50. Qxe4 Qb5 51. Qd4+ Kh7 52. Rc1 Qe8 1-0